LIBRARY & INFORMATION CENTRE, KCAET, TAVANUR

ONLINE PUBLIC ACCESS CATALOGUE (OPAC)

Irrigation hydraulics / (Record no. 2268)

MARC details
000 -LEADER
fixed length control field 00502cam a2200205ua 4500
020 ## - INTERNATIONAL STANDARD BOOK NUMBER
ISBN 81-7097-001-6
041 ## - LANGUAGE CODE
Language code of text/sound track or separate title eng
082 ## - DEWEY DECIMAL CLASSIFICATION NUMBER
Classification number 627.52
Item number RAD/IR
100 ## - MAIN ENTRY--AUTHOR NAME
Personal name Radhelal, .
245 ## - TITLE STATEMENT
Title Irrigation hydraulics /
250 ## - EDITION STATEMENT
Edition statement 1 /
260 ## - PUBLICATION, DISTRIBUTION, ETC. (IMPRINT)
Place of publication Allahabad :
Name of publisher Ajiwan shiksha sansthar ,
Year of publication 1993.
300 ## - PHYSICAL DESCRIPTION
Number of Pages 456 ; .
942 ## - ADDED ENTRY ELEMENTS (KOHA)
Koha item type Books
Holdings
Withdrawn status Lost status Damaged status Home library Current library Date acquired Full call number Accession Number Koha item type
      KAUAET KAUAET 07/04/2012 627.52 RAD/IR 18833 Books
      KAUAET KAUAET 07/04/2012 627.52 RAD/IR 19820 Books
      KAUAET KAUAET 07/04/2012 627.52 RAD/IR 18608 Books
free website counter